Freedom of religion as a human right : (Record no. 9532)

MARC details
000 -LEADER
fixed length control field 00831nam a22002412 4500
001 - CONTROL NUMBER
control field 0000020859
005 - DATE AND TIME OF LATEST TRANSACTION
control field 20151217152223.0
008 - FIXED-LENGTH DATA ELEMENTS--GENERAL INFORMATION
fixed length control field 111025s xx 000 0 eng d
020 ## - INTERNATIONAL STANDARD BOOK NUMBER
International Standard Book Number 966053077 :
040 ## - CATALOGING SOURCE
Original cataloging agency KABU
Transcribing agency KABU
100 1# - MAIN ENTRY--PERSONAL NAME
Personal name Dwasi, Jane A.
-- 0000181483
245 10 - TITLE STATEMENT
Title Freedom of religion as a human right :
Remainder of title opportunities and challenges in the era of HIV/AIDS /
Statement of responsibility, etc. Jane A. Dwasi.
250 ## - EDITION STATEMENT
Edition statement 1st ed.
260 ## - PUBLICATION, DISTRIBUTION, ETC. (IMPRINT)
Place of publication, distribution, etc. Nairobi :
Name of publisher, distributor, etc. OCRA - Kenya,
Date of publication, distribution, etc. 2010.
300 ## - PHYSICAL DESCRIPTION
Extent xiii, 121 p.
650 #0 - SUBJECT ADDED ENTRY--TOPICAL TERM
Topical term or geographic name as entry element Freedom of religion.
-- 0000181484
650 #0 - SUBJECT ADDED ENTRY--TOPICAL TERM
Topical term or geographic name as entry element HIV (Viruses)
-- 0000141383
650 #0 - SUBJECT ADDED ENTRY--TOPICAL TERM
Topical term or geographic name as entry element AIDS (Diseases)
General subdivision Prevention
-- Religious aspects.
-- 0000181485
852 1# - LOCATION
-- p975 KES
852 1# - LOCATION
-- p975 KES
908 ## - PUT COMMAND PARAMETER (RLIN)
Put command parameter 111025
950 ## - LOCAL HOLDINGS (RLIN)
-- 1
Holdings
Withdrawn status Lost status Source of classification or shelving scheme Not for loan Home library Current library Date acquired Total Checkouts Full call number Barcode Date last seen Price effective from Koha item type
    Library of Congress Classification   Kabarak, Main Campus Kabarak, Main Campus 17/12/2015   BV741 .D93 2010 c. 1 19633 02/08/2024 17/12/2015 General Collection
    Library of Congress Classification   Kabarak, Main Campus Kabarak, Main Campus 17/12/2015   BV741 .D93 2010 c. 2 19630 02/08/2024 17/12/2015 General Collection
Designed with assistance from East African Informatics Ltd